000 01059nam a22002537a 4500
005 20170124103121.0
010 _aB-068267
020 _c150.00
_a8171380400
035 _aB-068267
037 _bCen Lib / Ret
040 _aDPL
_bHN
082 _a080
_bकमले
100 _aकमलेश्वर
_982056
245 _aसिससिला थमता नहीं /
_cकमलेश्वर
246 _aSilsila thamta nahin /
_bby Kamleshwar
260 _aनयी दिल्ली
_bसामायिक प्रकाशन
_c2002
270 _aमहरौली
_b3320, -21 जटवाडा, नेताजी सुभाष मार्ग, दरियागंज
_e110002
300 _a128पृ.
_c20सेमी (सजिल्द)
650 _aसाहित्य एवं समाज
_946699
650 _aव्यंग्य साहित्य
_982057
650 _aLiterature and Society
_914610
650 _aSatire literature
_982058
942 _2ddc
_cHN
_h080
_mकमले
999 _c118821
_d118821